[Event "Linares 14th"]
[Site "Linares"]
[Date "1997.02.14"]
[Round "9"]
[White "Nikolic, Predrag"]
[Black "Topalov, Veselin"]
[Result "0-1"]
[WhiteElo "2655"]
[BlackElo "2725"]
[Annotator "ChessBase"]
[PlyCount "44"]
[EventDate "1997.02.04"]
[EventType "tourn"]
[EventRounds "11"]
[EventCountry "ESP"]
[EventCategory "18"]
[SourceTitle "CBM 057"]
[Source "ChessBase"]
[SourceDate "1997.04.01"]
[SourceVersion "1"]
[SourceVersionDate "1997.04.01"]
[SourceQuality "1"]

1. d4 g6 2. c4 Bg7 3. Nf3 d6 4. g3 c5 5. d5 b5 6. cxb5 a6 7. bxa6 Nf6 8. Nc3
O-O 9. Bg2 Bf5 10. O-O Nxa6 11. Ne1 Qd7 12. e4 Bh3 13. Rb1 Rfb8 14. b3 Bxg2 15.
Nxg2 Ng4 16. Bb2 Nc7 17. Qc2 Bd4 18. Kh1 Ne5 19. Qe2 Qc8 20. f4 Ng4 21. Qf3 Rb4
22. h3 $4 (22. Rbc1 $13) 22... Ne5 (22... Ne5 23. fxe5 Qxh3#) 0-1

[Event "Dos Hermanas"]
[Site "Dos Hermanas"]
[Date "1997.04.02"]
[Round "2"]
[White "Short, Nigel D"]
[Black "Topalov, Veselin"]
[Result "0-1"]
[WhiteElo "2690"]
[BlackElo "2725"]
[Annotator "Horvath,Ta"]
[PlyCount "130"]
[EventDate "1997.04.01"]
[EventType "tourn"]
[EventRounds "9"]
[EventCountry "ESP"]
[EventCategory "19"]
[SourceTitle "CBM 059"]
[Source "ChessBase"]
[SourceDate "1997.08.01"]
[SourceVersion "1"]
[SourceVersionDate "1997.08.01"]
[SourceQuality "1"]

1. e4 {Hecht} c5 2. Nc3 e6 3. f4 Nc6 4. Nf3 d5 (4... d6 5. Bb5 Nf6 6. Bxc6+ $1
bxc6 7. d3 Nd7 8. O-O Be7 9. Qe1 $14 {Short-Azmajparashvili/Yerevan/ol./1996})
5. Bb5 Nge7 6. Ne5 (6. Qe2 $5 dxe4 7. Nxe4 a6 8. Bxc6+ Nxc6 9. b3 Be7 10. Bb2
O-O 11. O-O $14) 6... Bd7 7. Nxd7 Qxd7 8. exd5 exd5 9. O-O O-O-O 10. a3 Nf5 11.
Be2 c4 12. Bf3 Bc5+ 13. Kh1 h5 $1 14. Bxd5 (14. Nxd5 $2 h4 15. Ne3 Ng3+ 16.
hxg3 hxg3+ 17. Kg1 Rh2 $19) 14... h4 15. h3 Ng3+ 16. Kh2 Nxf1+ 17. Qxf1 Rhe8
18. Bxc4 Qd4 19. d3 Qf2 20. Qxf2 Bxf2 {Materiel steht Weiß nicht schlechter,
hat aber große schwierigkeiten mit der Entwicklung.} 21. Bd2 (21. Ne4 $2 Rxe4
22. dxe4 Bg3+ 23. Kg1 Rd1+ 24. Bf1 Nd4 $19) 21... f5 22. Bb5 Rd6 23. Rf1 Bg3+
24. Kg1 a6 25. Bxc6 Rxc6 26. Rc1 b5 27. Kf1 Rce6 28. Rd1 Kb7 29. d4 Rd6 30. d5
Kb6 31. b4 Kb7 32. Bc1 Rd7 33. Ne2 Red8 34. Nc3 Rc8 35. Rd3 Re7 36. Be3 Rce8
37. Nd1 Re4 38. d6 Kc6 39. d7 Rd8 40. Nc3 Re6 41. Ne2 Rxd7 42. Rc3+ (42. Nd4+
$2 Rxd4 $19) 42... Kb7 43. Nxg3 hxg3 44. Ke2 Rc7 45. Rxc7+ Kxc7 {Hecht:
technisches Endspiel L vs T mit einer weißen Bauernschwäche mehr als bei
Schwarz. Zugzwangmotive.} 46. Kf3 Kd7 47. Bd4 Rg6 48. Ke3 Ke8 49. Kf3 Kf7 50.
c3 (50. Be5 $2 {Hecht} Rc6) (50. Bc5 {Hecht} Ke6 51. Ke3 Kd5 52. Kd3 Re6 {
[%cal Re6e1,Re1a1]} 53. Be3 Re4 54. Bd2 Rd4+ 55. Ke3 Kc4 56. Be1 Re4+ 57. Kd2
Rxf4 58. Bxg3 Rf1 $19) 50... Ke6 51. Ke3 Kd5 52. Kd3 Re6 53. Bxg7 Re1 54. Bd4
Ke6 (54... Ra1 $5 {Hecht} 55. Ke2 (55. c4+ bxc4+ {mit Schach!}) 55... Rxa3 56.
h4 Ke6 57. h5 Kf7 58. h6 Kg6 59. Bg7 Kh7 $22 {[%csl Rg2,Rh6][%cal Ga3g3]}) 55.
Kd2 Ra1 56. Ke2 Rxa3 57. Be5 (57. Kf3 {Hecht} a5 58. bxa5 b4 $19) 57... a5 58.
bxa5 Rxa5 59. h4 Ra3 60. h5 Kf7 61. Bd4 Kg8 62. h6 Kh7 63. Bg7 Kg6 64. Kd2 Ra2+
65. Ke3 Rf2 (65... Rxg2 {Hecht} 66. Kf3 Rg1 67. Bd4 Rd1 68. Bg7 Rd3+ 69. Kg2
Kh7 70. Kh3 Rf3 $19) (65... Rf2 {Hecht} 66. Bf8 Rxg2 67. Kf3 Rc2 $19) 0-1

[Event "Madrid Magistral 6th"]
[Site "Madrid"]
[Date "1997.05.22"]
[Round "2"]
[White "Topalov, Veselin"]
[Black "Short, Nigel D"]
[Result "1-0"]
[WhiteElo "2725"]
[BlackElo "2690"]
[Annotator "Wedberg,T"]
[PlyCount "137"]
[EventDate "1997.06.??"]
[EventType "tourn"]
[EventRounds "9"]
[EventCountry "ESP"]
[EventCategory "17"]
[SourceTitle "CBM 059"]
[Source "ChessBase"]
[SourceDate "1997.08.01"]
[SourceVersion "1"]
[SourceVersionDate "1997.08.01"]
[SourceQuality "1"]

{Topalov plays this game in a very low key, slow, positional style. But his
handling of the positional problems is fresh and free of preconceptions.} 1. e4
{Hecht} e5 2. Nf3 Nc6 3. Bb5 a6 4. Ba4 Nf6 5. O-O Be7 6. Re1 d6 7. Bxc6+ bxc6
8. d4 exd4 9. Nxd4 Bd7 10. Nc3 O-O 11. h3 c5 (11... Rb8 12. Qf3 c5 13. Nf5 Bxf5
14. Qxf5 Qd7 15. Nd5 Qd8 16. Nxe7+ Qxe7 17. b3 Nd7 18. Bb2 $14 {Siepelt,
H-Stobik,D/BL2-S 1996/BL2/1-0 (77)}) 12. Nf3 $146 (12. Nde2 Be6 (12... Bc6 13.
Ng3 Re8 14. Nf5 Bf8 15. Qf3 Bd7 16. Bg5 Bxf5 17. exf5 Be7 18. Re2 $14 {Adamson,
R-Stetson,R/Webb op 1989/EXT 89op2/1-0 (52)}) 13. Nf4 Nd7 14. Ncd5 Bf6 15.
Nxf6+ Qxf6 16. Nh5 Qe7 $11 {1-0 Soltis,A-Haririan,B/Boston op 1988/EXT 88op2 
(35)}) 12... Re8 13. e5 dxe5 14. Nxe5 Bd6 15. Bf4 Bf5 16. Rc1 {Very cool
defence of c2, but its good becase its the only weakness in Whites position.}
Re6 17. Qf3 Qe8 18. Nd3 c4 19. Rxe6 Bxe6 20. Ne5 Rb8 21. Re1 Qf8 (21... Rxb2
22. Nxc4 Rxc2 23. Bxd6 cxd6 24. Qd3 $16) 22. b3 cxb3 23. axb3 $14 Re8 24. Nd3
c5 25. Bxd6 Qxd6 26. Qf4 Qxf4 27. Nxf4 Bf5 28. Rc1 $1 {Again, this funny R
move. Now the threat is g4, kicking the B, then Ra1 is coming.} c4 (28... h5
29. Nfd5 Nxd5 30. Nxd5 Be6 31. Nc7 $1 (31. Ne3 f5 $132) 31... Rc8 32. Nxe6 fxe6
33. Ra1 Rc6 34. Kf1 c4 35. b4 c3 36. Ke2 Rc4 37. Rxa6 Rxb4 38. Kd3 $16) (28...
Re5 29. g4 g5 30. Ng2 $16) 29. bxc4 Rc8 30. Ncd5 $1 {Black is not going to get
his P back after this.} Nxd5 31. Nxd5 Kf8 32. Ra1 Bxc2 33. Nb6 Rc7 (33... Rc6
34. Rxa6 Ke8 35. Ra8+ Ke7 36. Nd5+ Kd6 37. Ne3 Bb3 38. Rg8 $16) 34. Rxa6 g6 35.
f3 Kg7 36. Ra3 Rc6 37. Rc3 Rxb6 38. Rxc2 Kf6 39. Kf2 Ke5 40. Re2+ Kd6 41. Kg3
Rc6 42. Rd2+ Ke5 43. Rd5+ Ke6 44. Rd4 Ra6 45. Re4+ Kd6 46. h4 Ra2 47. c5+ Kd7
48. c6+ Kd6 49. Rc4 Kc7 50. Rf4 f5 51. Rc4 h5 52. Rc5 Ra4 53. Re5 f4+ 54. Kh3
Rd4 55. Re6 $18 Rd6 56. Rxd6 Kxd6 {Hecht: Weiß benutzt die momentane
Abwesenheit des schwarzen Königs zum Gewinn eines Bauern....} 57. g3 Kxc6 58.
gxf4 {[#] Wie schon im Endspiel Izeta-Frois/EU-chT Pula/1997/ gewinnt Weiß
trotz der schlechten Bauernstellung durch vorsichtiges Herumspielen seines
Königs um den Doppelbauern zur Mitte. Danach gewinnt er leicht infolge
Zugzwang oder Damengewinn.} Kd5 59. Kg3 Ke6 (59... Kd4 {Hecht} 60. f5 Ke5 61.
fxg6 Kf6 62. Kf4 Kxg6 63. Ke5 $18) 60. Kf2 Kf6 61. Ke2 Ke6 62. Kd3 Kd5 63. Ke3
Ke6 64. Ke4 Kf6 65. f5 g5 (65... gxf5+ 66. Kf4 $18 (66. Kd5 {Hecht} f4 67. Ke4
Ke6 68. Kxf4 Kf6 69. Ke4 Ke6 70. f4 Kf6 71. f5 Kf7 72. Ke5 Ke7 73. f6+ Kf7 74.
Kf5 Kf8 75. Kg6 Kg8 76. Kxh5 Kf7 77. Kg5 $18) (66. Kf4 Ke6 67. Kg5 Ke5 68. Kxh5
Kf4 69. Kg6 $18)) 66. hxg5+ Kxg5 67. Ke5 h4 68. f6 Kg6 (68... h3 {Hecht} 69. f7
h2 70. f8=Q h1=Q 71. Qg7+ Kh4 72. Qh6+ $18) 69. Ke6 1-0

[Event "Madrid Magistral 6th"]
[Site "Madrid"]
[Date "1997.05.25"]
[Round "4"]
[White "Topalov, Veselin"]
[Black "Polgar, Judit"]
[Result "1-0"]
[WhiteElo "2725"]
[BlackElo "2645"]
[Annotator "Ribli,Z"]
[PlyCount "89"]
[EventDate "1997.06.??"]
[EventType "tourn"]
[EventRounds "9"]
[EventCountry "ESP"]
[EventCategory "17"]
[SourceTitle "CBM 059"]
[Source "ChessBase"]
[SourceDate "1997.08.01"]
[SourceVersion "1"]
[SourceVersionDate "1997.08.01"]
[SourceQuality "1"]

1. c4 {Ftacnik} e6 2. Nc3 d5 3. d4 Bb4 {Eine in letzter Zeit sehr populäre
Zugfolge. In einigen Varianten kann Schwarz statt des "normalen" Nf6 - Ne7
spielen.Ribli.} 4. Nf3 Nf6 {So entsteht die sogenannte "Ragosin-Variante".
Schwarz strebt lebendiges Figurenspiel an. Meiner Meinung nach ist das ganze
System jedoch ein wenig unnatürlich.Ribli.} 5. Bg5 {Mit dem Partiezug bietet
Weiß seinem Kontrahenten die Gelegenheit mit 5...dxc4 in die Wiener-Variante
einzulenken. Wenn Weiß das umgehen möchte, kann er zuerst 5.cxd5 cxd5 und
anschließend 6.Bg5 ziehen.Ribli.} h6 6. Bxf6 Qxf6 7. e3 O-O 8. Rc1 {Das ist
ein sehr einfaches und gutes System für Weiß. Er besitzt Vorteil im Zentrum
und in Wirklichkeit ist die schwarze Dame auf f6 schlecht postiert. Schwarz
hat zwar das Läuferpaar, aber es dürfte schwierig sein, für den Bc8 eine gute
Zukunft zu finden.Ribli.} dxc4 (8... c6 9. a3 (9. Bd3 Nd7 10. O-O Bxc3 11. Rxc3
dxc4 12. Bxc4 e5 13. Bb3 exd4 14. exd4 Qd6 15. Re1 $14 {Kasparov,G-Benjamin,J/
Horgen 1994/1/2-1/2 (58)})) 9. Bxc4 c5 (9... Nc6 10. O-O Bxc3 11. Rxc3 e5 12.
d5 Ne7 13. Bb3 Bg4 14. Rxc7 Qd6 15. Qc2 Rac8 16. Rxc8 Rxc8 17. Qe4 {1-0 Van
der Sterren,P-Blatny,P/Moscow olm 1994 (53)}) 10. O-O (10. dxc5 Bxc5 11. O-O
Qe7 12. Ne4 Rd8 13. Qc2 Bb6 14. a3 Bd7 15. Ba2 Be8 16. Bb1 Nd7 {1/2-1/2 Ribli,
Z-Serper,G/Groningen PCA 1993 (25)}) 10... cxd4 11. exd4 (11. Nxd4 {Das ist
die andere Möglichkeit, wenn Weiß keinen Isolani bekommen möchte.Ribli.} a6 $5
12. Ne4 Qe7 13. Nb3 Rd8 14. Qc2 Qf8 15. Be2 Bd7 16. a3 Be7 17. Na5 b6 18. Nc4
b5 19. Ne5 Ra7 20. Rfd1 {0-1 Gagarin,V-Aleksandrov,A/RUS-Cup2 Moscow 1996 (38)}
) (11. Qxd4 Qxd4 12. Nxd4 Bd7 13. a3 Bxc3 14. Rxc3 Nc6 15. Nxc6 Bxc6 16. Rd1
Rfd8 17. Rxd8+ Rxd8 {1/2-1/2 Podgaets,M-Gorelov,S/URS-FL Sverdlovsk 1984 (23)})
11... Nc6 (11... Bxc3 $5) 12. Ne4 Qd8 (12... Qf4 {Das wäre eine Alternativet,
aber die Qf4 ist nur scheinbar aktiv, in Wirklichkeit ist sie für Weiß mit
Tempogewinn leicht anzugreifen.}) (12... Qe7 13. Qe2 $14) (12... Qf4 13. Qe2
Rd8 14. g3 (14. Rfd1 Be7 15. d5 $4 exd5 {0-1 Vandevoort,P-Sosonko,G/Brussels
zt (03)/1993/}) 14... Qf5 (14... Qg4 15. Qe3 Ba5 16. Be2 Bb6 17. Rfd1 (17. Ne5
Qf5 18. Nxc6 bxc6 19. Nc5 Qd5 20. Rfd1 Qxa2 21. Bc4 Qxb2 22. Rb1 Qc2 23. Bd3
Qa2) 17... Qf5 18. Nc5 Qf6 $1 19. Ne5 Nb4 $2 (19... Nxe5 20. Qxe5 $5 Qxe5 21.
dxe5 Rxd1+ 22. Bxd1 Bxc5 23. Rxc5 Bd7 24. Bf3 Rc8 25. Ra5 $16) 20. a3 (20. Bh5
$5 g6 21. Qxh6 Qg7 22. Qxg7+ Kxg7 23. Bf3 Nxa2 24. Ra1 Nb4 25. Nc4 $16) 20...
Nd5 21. Qe4 {1-0 Gelfand,B-Benjamin,J/Horgen CS (10)/1994 (41)}) 15. Rfd1 Ba5 (
15... Bf8 16. a3 Bd7 17. Bd3 Qh5 18. Nc5 Bxc5 19. Rxc5 Qg4 20. Kg2 b6 21. Rc3
Qh5 22. Ne5 Qxe2 23. Bxe2 Nxe5 24. dxe5 Ba4 25. b3 Rxd1 26. Bxd1 Bb5 {1/2-1/2
Cebalo,M-Dizdar,G/CRO-ch/1995 (32)}) 16. Nh4 Qh7 17. d5 exd5 18. Bxd5 Bf5 {
1-0 Shneider,A-Blatny,P/Bern op 1995 (35)} (18... Bf5 {Ftacnik} 19. Nc5 Bb6 20.
Nxb7 Nd4 (20... Rxd5 21. Rxd5 Nd4 22. Qd2 $18) 21. Rxd4 Bxd4 22. Nxd8 Rxd8 23.
Rc7 {1-0 Shneider,A-Blatny,P/Bern op (05)/1995 (36)})) 13. a3 (13. d5 exd5 14.
Bxd5 Bf5 $1 $8 (14... Ne7 $2 15. Bxf7+ $1 Kxf7 16. Qb3+ Nd5 17. Rfd1 Be6 18.
Nd4 $40) (14... Bg4 15. Bxc6 bxc6 16. Rxc6 $16) (14... Bd7 15. a3 $1 Be7 16. b4
$14) 15. Qb3 Qb6 {1/2-1/2 Komarov,D-Kupreichik,V/Jugoslavija 1995 (25)} (15...
Qb6 {Ftacnik} 16. Ng3 (16. a3 Be7 17. Qxb6 axb6 18. Bxc6 bxc6 19. Ng3 Bd3 20.
Rfd1 Bb5 21. Nd4 Bf6 $11) 16... Bd7 17. Nh5 $5 {><g7} Bg4 18. Bxc6 (18. Nf4 $6
Bxf3 19. Qxf3 Bd2 $1 $36) 18... bxc6 (18... Bxh5 19. Bd5 $11) 19. Rc4 (19. Nxg7
$2 Kxg7 20. Ne5 Bd2 $1 $19) 19... Bxh5 20. Rxb4 Qa5 $1 {1/2-1/2 Komarov,
D-Kupreichik,V/JUG/1995 (26)})) (13. Qd3 {Ftacnik} Be7 14. a3 Bd7 $11) 13...
Ba5 (13... Be7 {Meiner Meinung nach wäre diese Fortsetzung logisch, aber Judit
hat andere Gedanken im Kopf. Sie möchte Pd4 attackieren.Ribli.}) (13... Be7 {
Ftacnik} 14. Qd3 $5 (14. d5 exd5 15. Bxd5 Bf5 $11)) 14. Qd3 Bb6 15. Rfd1 {
Weiß hat einen isolierten Pd4 aber -wie üblich im Damengambit- auch
Raumvorteil. Der schwarze Bc8 findet kein gutes Feld.Ribli.} Qe7 (15... Ne7 {
Ftacnik} 16. Ba2 Bd7 17. Bb1 $14) 16. Bb5 (16. Ba2 {Ftacnik} Rd8) 16... Bd7 (
16... Rd8 $5 {Ftacnik} 17. Bxc6 bxc6 18. Rxc6 (18. Qe3 Bb7 19. Ne5 Rac8 20. b4
$13) 18... Bb7 19. Rcc1 e5 20. Ng3 Qe6 21. Qe3 Bxf3 22. Qxf3 Bxd4 23. b4 a5 $11
) 17. Nc5 $14 Be8 (17... Bxc5 18. dxc5 {[%csl Rd6]}) (17... Rac8 {Ftacnik} 18.
Nxd7 Qxd7 19. Bxc6 bxc6 20. Ne5 $14) 18. Qc3 Rc8 (18... Rd8 {Ftacnik} 19. Nxb7
Qxb7 20. Bxc6 Bxc6 21. Qxc6 Qxc6 22. Rxc6 $14) 19. b4 {[%csl Gc5] Weiß hat ein
sehr gut plazierten Nc5. Es ist schwierig für Schwarz, zu Gegenspiel zu kommen,
aber Judit verteidigt sich hartnäckig.Ribli.} a5 20. Bd3 {[%cal Gd3b1,Gd3h7]
Der Läufer wechselt auf die Diagonale b1-h7, auf der er den schwarzen König
ein wenig beunruhigen kann.Ribli.} axb4 21. axb4 Rc7 (21... Bd7 {Ftacnik} 22.
Qe1 $14) 22. Qe1 $1 {Ein wahrhaft großmeisterlicher Zug! Die Opposition mit
dem Turm war der weißen Dame unangenehm, von e1 droht sie nun nach e4 zu
ziehen. Übrigens steht sie auch sonst ganz gut auf e1, sie deckt Pb4 und
kontrolliert die e-Linie.Ribli.} Kh8 (22... Bd7 {Ftacnik} 23. Qe4 f5 24. Qe1
Rfc8 25. Bc4 $14) 23. h4 $5 {Weiß gewinnt zusätzlich Raum und verhindert das
später eventuell mögliche Qg5.Ribli.} Qd6 24. Bb1 (24. Qe4 {Ftacnik} f5 $1 25.
Qxe6 $4 Bxc5 $19) 24... Qf4 25. Be4 {Jetzt droht Weiß mit 26.Nxb7 Rxb7 27.Bxc6.
Ribli.} Ne7 (25... Bd7 {Ftacnik} 26. g3 $14) 26. g3 Qf6 27. Ne5 {[%csl Gc5,Ge5]
[%cal Re5g4,Rg4f6] Weiß aktiviert nicht nur seinen Springer, sondern droht
zugleich 28.Ng4 mit Damenfang.Ribli.} (27. Nxb7 $6 Rxc1 28. Rxc1 Bxd4 (28...
Bxd4 {Ftacnik} 29. Nxd4 Qxd4 30. Rd1 Qb6 31. Nc5 $14)) 27... Nf5 (27... Bc6 $4
{Ftacnik} 28. Ng4 $18) (27... Nc6 $5 {Ftacnik} 28. Ng4 Qe7) 28. Ng4 Qd8 (28...
Qe7 29. d5 (29. Bxf5 {Ftacnik} exf5 30. Qxe7 Rxe7 31. Ne3 $16) 29... Bxc5 30.
bxc5 Rxc5 31. Bxf5 $18 (31. d6 $2 Nxd6 32. Rxc5 Nxe4 $13)) 29. d5 $1 $16 {
All the white pieces are harmoniously supporting this breakthrough. Da nun
alles gut vorbereitet ist, zelebriert Weiß den Durchbruch.Ribli. Alle weisse
Krafte unterstutzen mit Harmonie diesen wichtigen Durchbruch.} Nd6 (29... Qe7 {
Ftacnik} 30. Bxf5 exf5 31. d6 Qxe1+ 32. Rxe1 $16) 30. dxe6 f5 {Jetzt beginnt
ein scharfer taktischer Kampf, jedoch mit weißem Vorteil.Ribli.} 31. Nxb7 (31.
Qd2 $5 {Ftacnik} fxe4 (31... Ba4 32. Bc2 Bxc2 33. Rxc2 fxg4 34. Qxd6 $18) 32.
Qxd6 Qxd6 33. Rxd6 Ba7 34. Ne5 $16) 31... Qe7 $5 (31... Rxb7 32. Bxb7 Qe7 (
32... fxg4 33. e7 $18) 33. Rxd6 {Führt zur Partiefortsetzung.} (33. Ne5 {
Ftacnik} Nxb7 34. Rd7 (34. Nd7 Rf6 35. Nxf6 $16) 34... Qxe6 35. Rxb7 f4 36. Nd3
Qg6 37. Nc5 $18)) 32. Rxd6 (32. Nxd6 Rxc1 33. Rxc1 Qxd6) 32... Rxb7 $8 (32...
fxe4 33. Rxb6 $18 (33. Rxb6 {Ftacnik} Rxb7 34. Rxb7 Qxb7 35. Qc3 $18)) (32...
fxg4 33. Rxb6 $18) 33. Bxb7 Qxd6 (33... Qxb7 34. e7 $18 (34. Nxh6 $1 {Ftacnik}
gxh6 35. Qe5+ $18)) 34. e7 $1 {Weiß hat keine Angst vor Komplikationen. Er
opfert seinen Pg3 mit Schach, aber das ist irrelevant, weil sein Pe7 so
mächtig ist.Ribli.} (34. Qe5 Bxf2+ $1 35. Kxf2 $4 fxg4+ $19) (34. Ne3 {Ftacnik}
Qxe6 35. Nd5 Qd7 36. Nxb6 Qxb7 37. Rc8 $18) 34... Qxg3+ $6 (34... Rf7 $5 {
Meiner Meinung nach wäre das die beste Verteidigung für Schwarz. Natürlich hat
Weiß auch hier Vorteil, aber Schwarz kann sich noch verteidigen.Ribli.}) (34...
Rf7 {Ftacnik} 35. Rc8 Rxe7 36. Rxe8+ Rxe8 37. Qxe8+ Kh7 38. Kh2 $18) 35. Bg2
Rg8 (35... Rf7 {Ftacnik} 36. Rc8 $18) 36. Ne5 {[%csl Ge5,Ge7]} Qxh4 37. Rc8 {
[%csl Rg6][%cal Rc8e8]} Kh7 (37... Qxe7 $2 38. Ng6+ $18) ({Die Drohung ist} 
37... Z0 38. Rxe8 Rxe8 39. Ng6+ $18) (37... Qf4 $2 {Ftacnik} 38. Rxe8 Bxf2+ 39.
Qxf2 Qxe5 40. Rxg8+ Kxg8 41. Qxf5 $18) (37... Bh5 {Ftacnik} 38. Rxg8+ Kxg8 39.
Nd3 Kh7 40. e8=Q Bxe8 41. Qxe8 Qd4 42. Qb5 $18) (37... Qg3 $5 {Ftacnik} 38. Nc4
Bd4 (38... Ba7 39. b5 Bd4 40. Qd2 $18) 39. Qd2 (39. Rd8 $1 Qg4 40. Nd6 f4 41.
Nf7+ Bxf7 42. Rxg8+ Kxg8 43. e8=Q+ Bxe8 44. Qxe8+ Kh7 45. Qe4+ Qg6 $11) 39...
Ba7 40. b5 Bxb5 41. Rxg8+ Kxg8 42. Qa2 Bxf2+ 43. Qxf2 $18) 38. Nc4 Bd4 (38...
Qf6) (38... Ba7 {Ftacnik} 39. Nd6 Qh5 40. Nxe8 $18) 39. Nd6 $18 Qh5 (39...
Bxf2+ {Ftacnik} 40. Qxf2 Qxe7 41. Nxe8 $18) 40. Nxe8 Rxe8 41. Rxe8 Qxe8 42. Qe6
{[%csl Ge6][%cal Rg2c6,Rc6e8]} Bf6 $8 (42... g6 {Ftacnik} 43. Bc6 $18) 43.
Qxf5+ Kg8 (43... Kh8 44. Be4 $18) 44. Bd5+ Kh8 45. Be4 {Und Schwarz gab. Eine
von Topalov sehr stark gespielte Partie.Ribli.} (45. Be4 Qg8 (45... Kg8 {
Ftacnik} 46. Qh7+ Kf7 47. Bg6+ $18) 46. e8=Q $18) 1-0